01394nam a22003254a 4500001001200000003000800012006001900020007001500039008004100054020002800095020003500123040002100158035002100179043001200200050002300212082002100235100002000256245011300276260006300389300002300452504006600475533015200541650006100693650005800754650006500812655002900877710001700906856012600923999001901049ebr10202641CaPaEBRm u cr cn|||||||||020408s2002 ncua sb s001 0 eng  z0807827525 (alk. paper) z0807854204 (pbk. : alk. paper) aCaPaEBRcCaPaEBR a(OCoLC)615017106 an-us---14aBV656b.H36 2002eb04a269/.26/09732211 aHangen, Tona J.10aRedeeming the dialh[electronic resource] :bradio, religion & popular culture in America /cTona J. Hangen. aChapel Hill :bUniversity of North Carolina Press,cc2002. aix, 220 p. :bill. aIncludes bibliographical references (p. [189]-207) and index. aElectronic reproduction.bPalo Alto, Calif. :cebrary,d2013.nAvailable via World Wide Web.nAccess may be limited to ebrary affiliated libraries. 0aRadio in religionzUnited StatesxHistoryy20th century. 0aEvangelicalismzUnited StatesxHistoryy20th century. 0aReligious broadcastingxChristianityxHistoryy20th century. 7aElectronic books.2local2 aebrary, Inc.40uhttp://site.ebrary.com/lib/rucke/Doc?id=10202641zAn electronic book accessible through the World Wide Web; click to view c222832d222832